Random Fast Typing - 4 Letter Words - Statistics

General Stats
  • This quiz has been taken 29,955 times
  • The average score is 15 of 20
Answer Stats
Word Answer % Correct
sank sank
89%
alma alma
88%
poem poem
88%
pope pope
88%
give give
87%
hero hero
87%
lock lock
87%
this this
87%
wipe wipe
87%
bell bell
86%
clay clay
86%
fade fade
86%
haze haze
86%
help help
86%
join join
86%
left left
86%
made made
86%
moth moth
86%
navy navy
86%
poor poor
86%
pots pots
86%
rain rain
86%
sins sins
86%
ages ages
85%
arch arch
85%
beds beds
85%
chap chap
85%
coat coat
85%
colt colt
85%
cook cook
85%
deal deal
85%
dive dive
85%
form form
85%
fund fund
85%
hair hair
85%
held held
85%
hold hold
85%
next next
85%
onto onto
85%
pure pure
85%
seed seed
85%
site site
85%
week week
85%
also also
84%
bead bead
84%
bean bean
84%
bull bull
84%
cite cite
84%
dash dash
84%
data data
84%
doth doth
84%
fete fete
84%
furs furs
84%
goal goal
84%
knit knit
84%
lame lame
84%
less less
84%
love love
84%
moss moss
84%
nods nods
84%
omen omen
84%
pits pits
84%
real real
84%
seat seat
84%
send send
84%
shot shot
84%
soon soon
84%
sort sort
84%
sure sure
84%
time time
84%
used used
84%
were were
84%
worn worn
84%
your your
84%
amid amid
83%
bare bare
83%
beef beef
83%
bush bush
83%
crew crew
83%
curb curb
83%
dare dare
83%
draw draw
83%
even even
83%
ever ever
83%
exit exit
83%
firm firm
83%
flaw flaw
83%
fled fled
83%
fool fool
83%
halo halo
83%
hurl hurl
83%
jaws jaws
83%
kirk kirk
83%
lake lake
83%
lays lays
83%
lend lend
83%
lest lest
83%
lily lily
83%
logs logs
83%
mind mind
83%
mist mist
83%
neck neck
83%
news news
83%
ones ones
83%
page page
83%
papa papa
83%
past past
83%
peep peep
83%
rich rich
83%
sans sans
83%
sink sink
83%
slab slab
83%
sled sled
83%
soul soul
83%
sunk sunk
83%
take take
83%
tomb tomb
83%
true true
83%
tyre tyre
83%
urge urge
83%
walk walk
83%
wand wand
83%
ways ways
83%
wilt wilt
83%
wing wing
83%
acts acts
82%
ally ally
82%
beau beau
82%
bent bent
82%
brim brim
82%
bunk bunk
82%
busy busy
82%
cage cage
82%
chin chin
82%
cock cock
82%
cord cord
82%
crop crop
82%
cult cult
82%
debt debt
82%
deck deck
82%
dies dies
82%
dint dint
82%
eggs eggs
82%
feed feed
82%
fowl fowl
82%
grow grow
82%
hall hall
82%
harm harm
82%
have have
82%
heir heir
82%
hint hint
82%
hive hive
82%
hole hole
82%
home home
82%
inch inch
82%
king king
82%
lace lace
82%
lied lied
82%
life life
82%
meal meal
82%
mess mess
82%
more more
82%
move move
82%
muse muse
82%
pane pane
82%
peak peak
82%
pity pity
82%
port port
82%
pray pray
82%
rake rake
82%
reed reed
82%
roar roar
82%
role role
82%
rung rung
82%
said said
82%
save save
82%
seen seen
82%
sets sets
82%
silk silk
82%
slay slay
82%
spin spin
82%
step step
82%
suck suck
82%
tack tack
82%
tale tale
82%
then then
82%
tool tool
82%
torn torn
82%
tour tour
82%
trim trim
82%
turk turk
82%
turn turn
82%
vent vent
82%
vine vine
82%
well well
82%
will will
82%
with with
82%
wits wits
82%
woke woke
82%
afar afar
81%
ante ante
81%
back back
81%
beat beat
81%
bias bias
81%
bids bids
81%
boar boar
81%
cafe cafe
81%
calf calf
81%
care care
81%
come come
81%
crag crag
81%
date date
81%
deer deer
81%
dont dont
81%
dost dost
81%
drop drop
81%
eddy eddy
81%
else else
81%
eyes eyes
81%
fail fail
81%
fain fain
81%
farm farm
81%
feat feat
81%
gale gale
81%
gaze gaze
81%
grey grey
81%
hard hard
81%
herd herd
81%
hogs hogs
81%
hung hung
81%
idea idea
81%
idol idol
81%
just just
81%
kiss kiss
81%
live live
81%
lost lost
81%
lust lust
81%
lyre lyre
81%
mace mace
81%
maid maid
81%
main main
81%
maps maps
81%
mend mend
81%
mice mice
81%
mill mill
81%
mode mode
81%
moon moon
81%
moor moor
81%
neat neat
81%
noon noon
81%
obey obey
81%
odds odds
81%
owns owns
81%
paid paid
81%
pair pair
81%
part part
81%
pass pass
81%
peer peer
81%
plus plus
81%
puff puff
81%
race race
81%
read read
81%
rely rely
81%
roll roll
81%
root root
81%
safe safe
81%
seek seek
81%
seer seer
81%
side side
81%
sigh sigh
81%
sofa sofa
81%
spat spat
81%
star star
81%
stir stir
81%
tell tell
81%
than than
81%
thin thin
81%
thud thud
81%
tout tout
81%
trap trap
81%
trod trod
81%
ugly ugly
81%
unto unto
81%
vice vice
81%
wage wage
81%
wild wild
81%
wrap wrap
81%
ajar ajar
80%
area area
80%
bail bail
80%
bank bank
80%
bark bark
80%
beer beer
80%
blow blow
80%
boom boom
80%
call call
80%
case case
80%
chip chip
80%
clue clue
80%
corn corn
80%
cure cure
80%
curl curl
80%
damn damn
80%
deep deep
80%
does does
80%
dogs dogs
80%
doll doll
80%
done done
80%
duke duke
80%
dupe dupe
80%
each each
80%
east east
80%
echo echo
80%
envy envy
80%
fame fame
80%
fish fish
80%
flag flag
80%
folk folk
80%
foul foul
80%
fuel fuel
80%
full full
80%
golf golf
80%
gray gray
80%
grew grew
80%
halt halt
80%
hath hath
80%
hawk hawk
80%
hear hear
80%
heed heed
80%
hide hide
80%
hire hire
80%
hook hook
80%
hush hush
80%
jack jack
80%
jest jest
80%
kill kill
80%
knob knob
80%
laid laid
80%
leaf leaf
80%
long long
80%
lose lose
80%
mass mass
80%
melt melt
80%
mock mock
80%
near near
80%
nine nine
80%
nose nose
80%
note note
80%
noun noun
80%
oars oars
80%
owed owed
80%
pays pays
80%
pick pick
80%
plot plot
80%
pose pose
80%
quid quid
80%
quod quod
80%
rage rage
80%
raid raid
80%
rein rein
80%
rend rend
80%
rite rite
80%
rope rope
80%
rust rust
80%
sack sack
80%
sand sand
80%
sill sill
80%
skin skin
80%
soil soil
80%
sole sole
80%
sore sore
80%
sous sous
80%
sums sums
80%
swam swam
80%
tame tame
80%
tank tank
80%
that that
80%
took took
80%
type type
80%
view view
80%
wins wins
80%
worm worm
80%
yell yell
80%
abbe abbe
79%
ails ails
79%
arms arms
79%
baby baby
79%
balm balm
79%
bard bard
79%
blew blew
79%
boon boon
79%
burn burn
79%
bury bury
79%
camp camp
79%
cars cars
79%
chat chat
79%
clan clan
79%
coal coal
79%
coin coin
79%
cold cold
79%
cone cone
79%
dead dead
79%
dear dear
79%
doom doom
79%
door door
79%
dose dose
79%
drum drum
79%
duel duel
79%
dust dust
79%
earl earl
79%
ease ease
79%
fare fare
79%
fees fees
79%
feet feet
79%
fine fine
79%
fits fits
79%
five five
79%
foam foam
79%
fore fore
79%
fork fork
79%
four four
79%
fray fray
79%
frog frog
79%
fury fury
79%
gain gain
79%
game game
79%
gaol gaol
79%
gate gate
79%
gear gear
79%
germ germ
79%
glad glad
79%
goes goes
79%
good good
79%
gout gout
79%
grab grab
79%
hang hang
79%
heal heal
79%
heap heap
79%
hell hell
79%
helm helm
79%
hemp hemp
79%
host host
79%
hull hull
79%
jock jock
79%
keen keen
79%
kine kine
79%
kite kite
79%
knee knee
79%
know know
79%
lads lads
79%
lark lark
79%
lash lash
79%
lazy lazy
79%
leak leak
79%
lean lean
79%
legs legs
79%
lies lies
79%
lift lift
79%
limb limb
79%
lots lots
79%
lute lute
79%
make make
79%
many many
79%
mare mare
79%
mars mars
79%
maze maze
79%
mean mean
79%
meat meat
79%
mike mike
79%
mint mint
79%
mite mite
79%
moat moat
79%
mold mold
79%
monk monk
79%
must must
79%
name name
79%
nick nick
79%
nuts nuts
79%
omit omit
79%
only only
79%
ours ours
79%
over over
79%
pace pace
79%
pain pain
79%
peas peas
79%
pigs pigs
79%
pine pine
79%
pink pink
79%
pint pint
79%
pipe pipe
79%
play play
79%
pork pork
79%
road road
79%
ruby ruby
79%
rude rude
79%
sage sage
79%
salt salt
79%
sate sate
79%
shed shed
79%
sick sick
79%
slew slew
79%
slid slid
79%
soda soda
79%
sour sour
79%
stay stay
79%
stop stop
79%
suit suit
79%
swim swim
79%
tact tact
79%
task task
79%
them them
79%
tony tony
79%
trio trio
79%
undo undo
79%
veil veil
79%
vile vile
79%
wars wars
79%
wife wife
79%
wore wore
79%
writ writ
79%
yard yard
79%
able able
78%
acre acre
78%
airs airs
78%
arid arid
78%
atom atom
78%
babe babe
78%
bait bait
78%
been been
78%
bind bind
78%
blot blot
78%
boat boat
78%
body body
78%
boss boss
78%
bust bust
78%
buzz buzz
78%
cart cart
78%
cask cask
78%
cast cast
78%
chew chew
78%
clad clad
78%
code code
78%
cool cool
78%
cork cork
78%
cows cows
78%
cuts cuts
78%
dean dean
78%
disk disk
78%
dock dock
78%
dome dome
78%
down down
78%
drew drew
78%
eats eats
78%
fate fate
78%
felt felt
78%
fill fill
78%
fire fire
78%
fold fold
78%
foot foot
78%
fuss fuss
78%
girl girl
78%
glow glow
78%
gold gold
78%
hail hail
78%
half half
78%
hare hare
78%
hart hart
78%
hast hast
78%
head head
78%
heel heel
78%
herb herb
78%
here here
78%
horn horn
78%
hour hour
78%
item item
78%
joke joke
78%
joys joys
78%
jury jury
78%
kept kept
78%
kind kind
78%
lair lair
78%
last last
78%
laws laws
78%
lens lens
78%
lion lion
78%
lull lull
78%
mail mail
78%
male male
78%
meek meek
78%
milk milk
78%
mood mood
78%
mule mule
78%
open open
78%
oral oral
78%
pang pang
78%
paul paul
78%
plow plow
78%
poop poop
78%
pore pore
78%
rack rack
78%
rapt rapt
78%
rats rats
78%
reap reap
78%
ride ride
78%
riot riot
78%
ripe ripe
78%
robe robe
78%
runs runs
78%
seal seal
78%
sell sell
78%
sent sent
78%
shun shun
78%
sire sire
78%
slim slim
78%
slit slit
78%
snap snap
78%
soup soup
78%
spit spit
78%
spot spot
78%
stag stag
78%
test test
78%
tidy tidy
78%
tiny tiny
78%
tops tops
78%
tore tore
78%
tray tray
78%
tree tree
78%
trip trip
78%
vain vain
78%
vary vary
78%
very very
78%
vest vest
78%
wake wake
78%
ward ward
78%
warm warm
78%
wash wash
78%
weal weal
78%
whim whim
78%
wine wine
78%
wish wish
78%
womb womb
78%
year year
78%
zest zest
78%
acid acid
77%
adds adds
77%
aged aged
77%
airy airy
77%
army army
77%
axis axis
77%
bake bake
77%
bane bane
77%
bass bass
77%
bats bats
77%
bees bees
77%
bits bits
77%
boil boil
77%
bold bold
77%
bows bows
77%
buck buck
77%
bulk bulk
77%
cake cake
77%
cape cape
77%
caps caps
77%
cave cave
77%
chum chum
77%
city city
77%
copy copy
77%
cost cost
77%
crow crow
77%
cups cups
77%
dame dame
77%
dawn dawn
77%
desk desk
77%
dick dick
77%
dull dull
77%
duly duly
77%
dusk dusk
77%
ears ears
77%
fast fast
77%
fell fell
77%
fret fret
77%
gall gall
77%
goat goat
77%
grim grim
77%
grin grin
77%
guns guns
77%
gush gush
77%
hack hack
77%
high high
77%
hill hill
77%
hilt hilt
77%
hips hips
77%
iris iris
77%
jerk jerk
77%
keel keel
77%
kick kick
77%
kids kids
77%
lady lady
77%
lawn lawn
77%
leap leap
77%
lime lime
77%
loft loft
77%
lone lone
77%
luck luck
77%
lure lure
77%
mask mask
77%
meet meet
77%
mere mere
77%
myth myth
77%
nice nice
77%
nigh nigh
77%
nina nina
77%
oath oath
77%
oats oats
77%
oily oily
77%
oven oven
77%
pall pall
77%
pier pier
77%
pies pies
77%
plea plea
77%
pony pony
77%
pool pool
77%
prey prey
77%
prow prow
77%
pull pull
77%
push push
77%
rank rank
77%
rays rays
77%
rear rear
77%
reef reef
77%
reel reel
77%
rent rent
77%
rout rout
77%
rows rows
77%
rule rule
77%
rush rush
77%
sang sang
77%
sash sash
77%
scar scar
77%
sees sees
77%
sham sham
77%
sign sign
77%
slow slow
77%
some some
77%
sown sown
77%
span span
77%
stew stew
77%
suns suns
77%
tail tail
77%
talk talk
77%
tear tear
77%
tend tend
77%
text text
77%
they they
77%
toad toad
77%
toll toll
77%
tone tone
77%
town town
77%
user user
77%
vast vast
77%
veal veal
77%
wade wade
77%
wall wall
77%
wast wast
77%
wear wear
77%
whip whip
77%
wire wire
77%
wolf wolf
77%
wood wood
77%
work work
77%
yoke yoke
77%
zone zone
77%
aims aims
76%
apes apes
76%
asks asks
76%
aunt aunt
76%
away away
76%
axes axes
76%
bade bade
76%
bath bath
76%
beam beam
76%
best best
76%
bide bide
76%
bolt bolt
76%
bomb bomb
76%
bout bout
76%
calm calm
76%
cant cant
76%
card card
76%
clap clap
76%
core core
76%
coup coup
76%
days days
76%
disc disc
76%
duck duck
76%
edit edit
76%
epic epic
76%
fact fact
76%
fair fair
76%
feel feel
76%
find find
76%
fist fist
76%
flat flat
76%
flew flew
76%
foes foes
76%
fort fort
76%
gang gang
76%
garb garb
76%
glee glee
76%
glen glen
76%
gods gods
76%
gulf gulf
76%
gust gust
76%
hate hate
76%
hats hats
76%
haul haul
76%
hiss hiss
76%
hoof hoof
76%
isle isle
76%
java java
76%
july july
76%
lane lane
76%
lent lent
76%
lick lick
76%
lids lids
76%
like like
76%
line line
76%
link link
76%
list list
76%
loan loan
76%
look look
76%
lord lord
76%
lore lore
76%
loss loss
76%
mast mast
76%
mien mien
76%
mine mine
76%
mire mire
76%
nail nail
76%
need need
76%
nook nook
76%
odor odor
76%
oval oval
76%
park park
76%
pear pear
76%
pike pike
76%
plum plum
76%
pole pole
76%
prop prop
76%
quay quay
76%
rare rare
76%
rash rash
76%
rice rice
76%
rise rise
76%
risk risk
76%
room room
76%
rosy rosy
76%
ruin ruin
76%
seem seem
76%
ship ship
76%
shoe shoe
76%
sing sing
76%
size size
76%
skip skip
76%
song song
76%
spur spur
76%
stem stem
76%
swan swan
76%
taxi taxi
76%
tent tent
76%
term term
76%
thou thou
76%
tide tide
76%
tips tips
76%
tire tire
76%
uses uses
76%
wail wail
76%
want want
76%
ware ware
76%
wary wary
76%
when when
76%
whit whit
76%
whom whom
76%
wily wily
76%
wink wink
76%
wont wont
76%
yawn yawn
76%
arts arts
75%
bags bags
75%
band band
75%
bars bars
75%
beak beak
75%
bier bier
75%
bond bond
75%
bony bony
75%
bore bore
75%
born born
75%
brig brig
75%
cats cats
75%
dale dale
75%
dart dart
75%
deed deed
75%
dice dice
75%
dire dire
75%
drag drag
75%
edge edge
75%
evil evil
75%
eyed eyed
75%
fall fall
75%
fear fear
75%
file file
75%
film film
75%
flow flow
75%
fond fond
75%
gasp gasp
75%
gift gift
75%
harp harp
75%
heat heat
75%
hers hers
75%
holy holy
75%
hope hope
75%
john john
75%
keys keys
75%
lack lack
75%
land land
75%
lard lard
75%
late late
75%
liar liar
75%
loop loop
75%
mane mane
75%
moan moan
75%
mole mole
75%
much much
75%
none none
75%
pail pail
75%
pawn pawn
75%
post post
75%
pour pour
75%
quit quit
75%
rags rags
75%
rail rail
75%
rest rest
75%
rind rind
75%
ring ring
75%
rock rock
75%
roof roof
75%
rose rose
75%
sail sail
75%
sits sits
75%
snug snug
75%
soap soap
75%
stab stab
75%
such such
75%
team team
75%
told told
75%
tube tube
75%
turf turf
75%
twig twig
75%
unit unit
75%
vale vale
75%
vase vase
75%
vein vein
75%
weed weed
75%
wept wept
75%
wise wise
75%
yarn yarn
75%
yore yore
75%
aids aids
74%
akin akin
74%
alas alas
74%
apex apex
74%
base base
74%
bear bear
74%
bite bite
74%
blue blue
74%
bone bone
74%
boot boot
74%
bowl bowl
74%
butt butt
74%
came came
74%
cell cell
74%
chop chop
74%
club club
74%
comp comp
74%
cove cove
74%
curt curt
74%
dark dark
74%
dial dial
74%
dish dish
74%
dove dove
74%
drug drug
74%
duty duty
74%
face face
74%
flax flax
74%
food food
74%
from from
74%
gait gait
74%
gown gown
74%
grub grub
74%
hurt hurt
74%
idle idle
74%
idly idly
74%
into into
74%
iron iron
74%
jail jail
74%
lain lain
74%
lamp lamp
74%
lava lava
74%
limp limp
74%
lips lips
74%
loaf loaf
74%
loud loud
74%
lump lump
74%
mark mark
74%
mate mate
74%
mile mile
74%
most most
74%
ness ness
74%
nest nest
74%
nous nous
74%
palm palm
74%
peal peal
74%
pile pile
74%
pomp pomp
74%
pond pond
74%
rang rang
74%
roam roam
74%
rode rode
74%
rosa rosa
74%
sale sale
74%
same same
74%
sane sane
74%
says says
74%
show show
74%
slap slap
74%
snow snow
74%
sold sold
74%
spun spun
74%
surf surf
74%
thee thee
74%
toss toss
74%
trot trot
74%
tuft tuft
74%
upon upon
74%
verb verb
74%
void void
74%
vote vote
74%
weep weep
74%
went went
74%
west west
74%
word word
74%
zeal zeal
74%
zinc zinc
74%
anon anon
73%
bang bang
73%
bill bill
73%
bird bird
73%
both both
73%
boys boys
73%
cash cash
73%
cent cent
73%
cope cope
73%
damp damp
73%
deaf deaf
73%
deem deem
73%
deny deny
73%
diet diet
73%
dine dine
73%
fawn fawn
73%
feud feud
73%
free free
73%
grip grip
73%
hark hark
73%
hood hood
73%
hunt hunt
73%
hymn hymn
73%
june june
73%
levy levy
73%
lieu lieu
73%
loth loth
73%
mild mild
73%
pack pack
73%
puny puny
73%
raft raft
73%
rate rate
73%
sake sake
73%
seas seas
73%
self self
73%
shew shew
73%
shop shop
73%
shut shut
73%
sine sine
73%
slip slip
73%
soft soft
73%
sons sons
73%
tape tape
73%
tens tens
73%
tied tied
73%
tons tons
73%
tune tune
73%
twin twin
73%
wait wait
73%
wave wave
73%
zero zero
73%
ache ache
72%
alms alms
72%
ball ball
72%
cane cane
72%
coil coil
72%
dumb dumb
72%
earn earn
72%
ends ends
72%
flap flap
72%
flee flee
72%
gave gave
72%
gets gets
72%
hand hand
72%
joel joel
72%
keep keep
72%
lamb lamb
72%
load load
72%
mute mute
72%
nets nets
72%
path path
72%
pins pins
72%
pooh pooh
72%
pulp pulp
72%
pump pump
72%
sect sect
72%
soar soar
72%
thus thus
72%
warn warn
72%
weak weak
72%
wind wind
72%
wool wool
72%
comb comb
71%
defy defy
71%
dirt dirt
71%
howl howl
71%
lets lets
71%
loom loom
71%
once once
71%
pale pale
71%
pans pans
71%
sway sway
71%
tall tall
71%
tint tint
71%
wert wert
71%
awed awed
70%
bred bred
70%
gone gone
70%
hose hose
70%
ills ills
70%
jobs jobs
70%
knot knot
70%
lead lead
70%
nave nave
70%
plan plan
70%
till till
70%
what what
70%
book book
69%
hazy hazy
69%
huge huge
69%
jump jump
69%
knew knew
69%
crab crab
68%
fern fern
67%
gilt gilt
67%
oxen oxen
62%
No matching quizzes found
Score Distribution
Percent of People with Each Score
Percentile by Number Answered
Your Score History
You have not taken this quiz